Statistics for B-vel kezdődő országok

Click here to take the quiz!

General Stats

  • This quiz has been taken 26 times
  • The average score is 10 of 17

Answer Stats

Ország% Correct
Belgium
88%
Banglades
75%
Bulgária
75%
Barbados
69%
Bosznia-Hercegovina
69%
Belize
63%
Benin
63%
Bolívia
63%
Brazília
63%
Bahama-szigetek
56%
Bhután
56%
Brunei
56%
Botswana
50%
Burkina Faso
50%
Burundi
44%
Bahrein
25%
Bissau-Guinea
25%

Score Distribution

Percentile by Number Answered

Percent of People with Each Score

Your Score History

You have not taken this quiz